المتاحف و المعارض و القصور : وسائل تعليمية
Main Author:
Format: Book
Language: Undetermined
Published:
Miṣr
kuliyat al'adab jamieat almanufia
1990
Series:
سلسلة المعرفة الحضارية 2
Subjects:
Tags: Add Tag
Call Number: A75 GHUN
| LEADER | 00638nam a2200181Ia 4500 | ||
|---|---|---|---|
| 008 | 240404s9999||||xx |||||||||||||| ||und|| | ||
| 050 | 4 | |a A75 GHUN | |
| 100 | 1 | |a عبد الفتاح مصطفى غنيمة . | |
| 245 | 1 | 0 | |a المتاحف و المعارض و القصور : وسائل تعليمية |c عبد الفتاح مصطفى غنيمة |
| 264 | 1 | |a Miṣr |b kuliyat al'adab jamieat almanufia |c 1990 | |
| 300 | |a 285 |c 24 | ||
| 490 | 0 | |a سلسلة المعرفة الحضارية 2 | |
| 650 | 4 | |a الفن المعارض | |
| 650 | 4 | |a القصور | |
| 650 | 4 | |a المتاحف | |
| 650 | 4 | |a مصر متاحف | |
| 942 | |2 lcc |c BK | ||
| 999 | |c 58168 |d 58168 | ||
